El lector de las preparatorias. Arreglado por varios profesores. Tomo I

محفوظ في:
التفاصيل البيبلوغرافية
مؤلف مشترك: Liceo Alemán de Santiago (مؤلف)
التنسيق: كتاب
اللغة:الإسبانية
منشور في: Santiago Imprenta y Encuadernación Claret 1913
الطبعة:1a. ed
الموضوعات:
الوسوم: إضافة وسم
لا توجد وسوم, كن أول من يضع وسما على هذه التسجيلة!

MARC

LEADER 00000nam a2200000 a 4500
001 UCJ8398
003 CL-VaPUC
008 070124e19130000CL |||||||||||||||||spa|d
082 0 4 |a Ch863  |b LIC  |2 21 
110 2 |a Liceo Alemán de Santiago  |e author  |9 517174 
245 1 3 |a El lector de las preparatorias. Arreglado por varios profesores. Tomo I 
250 |a 1a. ed 
300 |a 151 p 
942 |c BK 
945 |d 20070124 00:00:00  |a rinostro 
260 |a Santiago  |b Imprenta y Encuadernación Claret  |c 1913 
650 7 |a TEXTO ESCOLAR  |2 CL-VaPUC  |9 429086 
650 7 |a LECTURAS INFANTILES  |2 CL-VaPUC  |9 504446 
650 0 |a Ilustraciones  |9 369481 
583 |a last modification  |c 20070124 00:00:00  |k Rodrigo Vera 
999 |c 324136  |d 324134 
952 |0 0  |1 0  |4 0  |6 CH_863_000000000000000_LIC_1913  |7 0  |8 X  |9 404073  |a FDOBUD  |b FDOBUD  |d 2019-11-22  |i 1077406  |o Ch863 LIC 1913  |p 1077406  |r 2019-11-22  |w 2019-11-22  |y BK_X  |k BUD